Procedimientos voluntarios colectivos en el derecho del consumo chileno.

Saved in:
Bibliografiske detaljer
Hovedforfatter: Momberg Uribe, Rodrigo Andrés (autor)
Andre forfattere: Morales Ortiz, María Elisa (autora)
Format: Ukendt
Udgivet: Valencia, España: Tirant lo Blanch, 2022.
Serier:Monografías
Fag:
Tags: Tilføj Tag
Ingen Tags, Vær først til at tagge denne postø!

MARC

LEADER 00000 a2200000 4500
003 CL-VaPUC
005 20240827163912.0
008 221121t2022 ||||| |||| 00| 0 eng d
999 |c 439291  |d 439289 
020 |a 978-84-1130-032-2 
040 |c Pontificia Universidad Católica de Valparaíso 
082 |2 22  |a 343.83071 MOM 2022 
100 |a Momberg Uribe, Rodrigo Andrés  |e autor  |9 598126 
245 |a Procedimientos voluntarios colectivos en el derecho del consumo chileno. 
260 |a Valencia, España:  |b Tirant lo Blanch,  |c 2022. 
300 |a 161 páginas. 
490 |a Monografías 
583 |k GC  |c 20221121 
650 0 |9 859567  |a Derecho de los consumidores  |x Aplicación y alcance   |y Ley 21081   |y Procedimientos Voluntarios Colectivos (PVC)  |z Chile  
650 0 |9 703575  |a Derechos de los consumidores  |x Protección   |x Ley 21081  
700 |a Morales Ortiz, María Elisa  |e autora  |9 878588 
942 |2 ddc  |c BK 
952 |0 0  |1 0  |2 ddc  |4 0  |6 343_830710000000000_MOM_2022  |7 1  |8 C_LRYV  |9 587836  |a BIBDER  |b BIBDER  |d 2022-11-18  |e 22  |g 26500.00  |i 5655704  |l 2  |o 343.83071 MOM 2022  |p 5655704  |r 2024-05-30  |s 2024-05-30  |t 1  |v 26500.00  |w 2022-11-18  |y BK_X  |k BRV